1180 1526 1314 1990 1124 1326 1183 1909 1206 1117 1957 1814 1975 1362 1288 1789 1151 1883 1119 1411 1168 1551 1545 1267 1377 1059 1435 1794 1664 1179 1683 1419 1282 1300 1175 1645 1447 1696 1655 1743 1348 1365 1676 1194 1314 1291 1341 1832 1012 1023 1842 1532 1864 1281 1191 1551 1827 1324 1075 1842 1892 1387 1843 1855 1350 1044 1547 1481 1805 1930 1786 1536 1398 1115 1378 1863 1090 1501 1469 1789 1234 1011 1409 1191 1254 1210 1602 1653 1606 1472 1726 1253 1586 1749 1109 1874 1371 1124 1378 BCNSPRNW ULIB Ver.6.0+V

เปลี่ยนเป็นภาษาไทย

Change to English
 แสดงรายละเอียดบรรณานุกรม
  กลับหน้าหลัก

Brief Record : Get Marc (ISO 2709) : E-mail record : QR code < ปิดหน้าต่าง
LEADER : 00000nam 2200000uu 4500
001    13399115315
003     ULIB
008    120815s2009||||th 000 0 eng d
020    ^a9781405341295
082  0  ^aQS17^bC111B
100 0  Rita Carter
245  0  ^aThe brain book /^cRita Carter ... [et al.] ; editors, Salima Hirani, Katie John, Rebecca Warren.
260    ^aLondon :^bDorling Kindersley,^c2009.
300    ^a256 p. :^bill. ;^c31 cm.
650    ^aBrain.
650    ^aNeuroanatomy.
700  1 ^aCarter, Rita.
700  1 ^aHirani, Salima.
700  1 ^aJohn, Katie.
700  1 ^aWarren, Rebecca.
945    ^p0^l0^i16286
995    ^aทศพร
999 ^a ใช้งานได้ทุกระบบ
รายการนี้ยังไม่มีแท็ก
คุณยังไม่ได้ล็อกอิน คุณสามารถมีกิจกรรมร่วมกับเว็บไซต์ได้ แต่ต้องล็อกอินก่อน ::
  ล็อกอิน

รายการสื่อสารสนเทศ

ลำดับที่ ประเภท เลขเรียก/บาร์โค้ด สถานที่ สถานะ
- ไม่พบข้อมูล -

BibComment


ยังไม่เคยถูกคอมเมนท์

คอมเมนท์ทรัพยากรรายการนี้
  คอมเมนท์: The brain book ..


 Copyright 2026. Bcnsprnw @Library